000 02264cam a2200181 4500500
005 20260412000538.0
041 _afre
042 _adc
100 1 0 _aDrouin, Évelyne
_eauthor
700 1 0 _aHamadache, Chrystelle
_eauthor
245 0 0 _aHistoires d’ici et d’ailleurs à l’accueil livres enfants-parents de l’association Le Baobab
260 _c2020.
500 _a20
520 _aDans un quartier multiculturel, l’association Le Baobab propose le dispositif de l’accueil livres enfants-parents. Les familles y découvrent, librement, le plaisir des livres et des histoires, dans une ambiance ludique et bienveillante. À travers plusieurs vignettes cliniques, les auteures montrent la façon dont comptines et récits créent des ponts entre les langues et favorisent la rencontre culturelle, plutôt que l’exclusion. À l’abri d’injonctions, les parents peuvent se questionner sur la transmission de leur langue et s’étayer mutuellement. Dans ce bain social et langagier, histoires individuelles et collectives se rencontrent. En écho au parcours des personnages rencontrés dans les albums, les récits d’exil prennent forme, les filiations s’inscrivent et, par le partage de lectures bilingues, de nouvelles histoires se créent.
520 _aIn a multicultural area, the Baobab offers the resource of a book reception area for children and parents, where families can discover freely the pleasure of books and stories in a playful and friendly atmosphere. With reference to several clinical vignettes, the authors show how nursery rhymes and stories create bridges between languages and promote cultural encounter rather than exclusion. Protected from injunctions, the parents can reflect on the transmission of their language and support one other. In this social and linguistic bath, individual and collective stories converge. In echo with the journey of the characters encountered in the albums, the stories of exile take shape, filiations are inscribed and, through the sharing of bilingual readings, new stories are created.
786 0 _nEnfances & Psy | 86 | 2 | 2020-09-24 | p. 125-135 | 1286-5559
856 4 1 _uhttps://shs.cairn.info/revue-enfances-et-psy-2020-2-page-125?lang=fr&redirect-ssocas=7080
999 _c2210248
_d2210248